Effect of selected polysaccharide-producing soil bacteria on hyperhydricity control in oregano tissue cultures /
Αποθηκεύτηκε σε:
| Κύριος συγγραφέας: | |
|---|---|
| Άλλοι συγγραφείς: | |
| Μορφή: | Άρθρο |
| Γλώσσα: | English |
| Θέματα: | |
| Ετικέτες: |
Προσθήκη ετικέτας
Δεν υπάρχουν, Καταχωρήστε ετικέτα πρώτοι!
|
| Thư viện lưu trữ: | Thư viện Trường Đại học Đà Lạt |
|---|
| LEADER | 00966nam a2200325 4500 | ||
|---|---|---|---|
| 001 | DLU090096019 | ||
| 005 | ##20091201 | ||
| 040 | # | # | |a DLU |b eng |
| 041 | # | # | |a eng |
| 044 | # | # | |a us |
| 100 | # | # | |a Ueno, K. |
| 245 | # | # | |a Effect of selected polysaccharide-producing soil bacteria on hyperhydricity control in oregano tissue cultures / |c K. Ueno, K. Shetty. |
| 653 | # | # | |a Bacteria |
| 653 | # | # | |a Hyperhydration |
| 653 | # | # | |a Inoculation |
| 653 | # | # | |a Polysaccharide |
| 653 | # | # | |a Regeneration |
| 653 | # | # | |a Tissue culture |
| 653 | # | # | |a Vitrification |
| 700 | # | # | |a Shetty, K. |
| 773 | # | # | |t Applied and Environmental Microbiology |g Vol. 63, no. 2 (February 1997), p. 767-770 |
| 920 | # | # | |a Phòng Tạp chí -- Trung tâm Thông tin - Thư viện Trường Đại học Đà Lạt |
| 994 | # | # | |a DLU |
| 900 | # | # | |a True |
| 911 | # | # | |a Trương Bảo Trâm Anh |
| 925 | # | # | |a G |
| 926 | # | # | |a A |
| 927 | # | # | |a BB |
| 980 | # | # | |a Thư viện Trường Đại học Đà Lạt |